00992nam a2200277 i 4500003000900000005001700009007000300026008004100029020001800070040003000088041000800118082001900126100004500145245004300190264003900233300002700272336002700299337003300326338002800359490003000387590002600417910000700443942001400450952023300464999001700697DO-SdBNP20250108081347.0ta250108b2013 dr ||||| |||| 00| 0 spa d a9781300575252 aDO-SdBNPbspacBNPHUerda hspa 4axxxbS211b222 aSánchez Féliz, Rubéneautor98635710aBeatríz /cRubén Sánchez Féliz aSanto Domingo :bMedia Isla,c2013 a80 páginas ;c24 cm. 2rdacontentatextobtxt 2rdamediaasin mediaciónbn 2rdacarrieravolumenbnc aLas edades de Alicia ;v5 aInventariado, 2025/DG aDG 2ddccLBS1 00102ddc51708PDaBNPHUbBNPHUcCTd2025-01-08eDonado por la Presidencia de la República Dominicana 2023l0oBNPHU PD S211bp2025-0031r2025-01-08w2025-01-08yLBS1zPertenecio a la biblioteca de René Rodríguez Soriano c57996d57996